| 000 | 00794cam a2200253 i 4500 | ||
|---|---|---|---|
| 001 | 4069399 | ||
| 003 | EG-ScBUE | ||
| 005 | 20241110103617.0 | ||
| 008 | 680301s1968 enk f b 001 0 eng d | ||
| 040 |
_aDLC _beng _erda _cDLC _dDLC _dEG-ScBUE |
||
| 082 | 0 | 4 |
_a519.1 _bMOR _222 |
| 100 | 1 |
_aMoran, P. A. P. _q(Patrick Alfred Pierce), _d1917- _eauthor. _96704 |
|
| 245 | 1 | 3 |
_aAn introduction to probability theory / _cP. A. P. Moran. |
| 264 | 1 |
_aOxford : _bClarendon P., _c[1968] |
|
| 264 | 4 | _cc1968 | |
| 300 |
_a542 pages : _c25 cm |
||
| 336 |
_2rdacontent _atext _btxt |
||
| 337 |
_aunmediated _2rdamedia _bn |
||
| 338 |
_avolume _bnc _2rdacarrier |
||
| 504 | _aIncludes bibliographical references and index. | ||
| 650 | 7 |
_aProbabilities. _2BUEsh _96705 |
|
| 655 | _vReading book | ||
| 942 |
_2ddc _cBB |
||
| 999 |
_c11965 _d11965 |
||